[Event "Schagen m"]
[Site "Schagen"]
[Date "2006.05.01"]
[Round "4"]
[White "Carlsen, Magnus"]
[Black "Van Wely, Loek"]
[Result "1/2-1/2"]
[WhiteElo "2646"]
[BlackElo "2655"]
[PlyCount "79"]
[EventDate "2006.04.28"]
[EventType "match"]
[EventRounds "4"]
[EventCountry "NED"]
[SourceTitle "CBM 111 Extra"]
[Source "ChessBase"]
[SourceDate "2006.05.09"]
[SourceVersion "1"]
[SourceVersionDate "2006.05.09"]
[SourceQuality "1"]

1. e4 c5 2. Nf3 Nc6 3. d4 cxd4 4. Nxd4 Nf6 5. Nc3 e5 6. Ndb5 d6 7. Bg5 a6 8. Na3 b5 9. Nd5 Be7 10. Bxf6 Bxf6 11. c3 Bg5 12. Nc2 O-O 13. a4 bxa4 14. Rxa4 a5 15. Bc4 Rb8 16. Ra2 Kh8 17. Nce3 Bxe3 18. Nxe3 Ne7 19. b3 f5 20. exf5 Nxf5 21. Nxf5 Bxf5 22. O-O Be4 23. Bd5 Bxd5 24. Qxd5 Qc7 25. Rxa5 Rxb3 26. c4 $146 ({RR} 26. Ra6 Rb6 27. Rxb6 Qxb6 {½-½ (27) Perez Rodriguez,L (2483)-Gallego Alcaraz,A (2388) Bogota 2010}) 26... h6 27. Ra6 Rb6 28. Rfa1 Qb8 29. h3 Rxa6 30. Rxa6 Qb2 31. f3 Qc1+ 32. Kf2 Rb8 33. Ra8 Qc2+ 34. Kg3 Qg6+ 35. Kh2 Rxa8 36. Qxa8+ Kh7 37. Qd5 Qf6 38. Kg3 Qg6+ 39. Kf2 Qc2+ 40. Kg3 1/2-1/2

[Event "Sarajevo Bosnia-A 36th"]
[Site "Sarajevo"]
[Date "2006.05.07"]
[Round "1"]
[White "Carlsen, Magnus"]
[Black "Malakhov, Vladimir"]
[Result "1/2-1/2"]
[WhiteElo "2646"]
[BlackElo "2691"]
[PlyCount "97"]
[EventDate "2006.05.07"]
[EventType "tourn"]
[EventRounds "10"]
[EventCountry "BIH"]
[EventCategory "17"]
[SourceTitle "CBM 113"]
[Source "ChessBase"]
[SourceDate "2006.07.31"]
[SourceVersion "1"]
[SourceVersionDate "2006.07.31"]
[SourceQuality "1"]

1. e4 c5 2. Nf3 Nc6 3. d4 cxd4 4. Nxd4 g6 5. Nc3 Bg7 6. Be3 Nf6 7. Bc4 O-O 8. Bb3 e6 9. f4 d6 10. Qf3 e5 11. Nxc6 bxc6 12. fxe5 Ng4 13. exd6 Nxe3 14. Qxe3 Qxd6 15. Rd1 Qf6 16. Qf2 Qe7 17. O-O Ba6 18. Rfe1 Rad8 $146 ({RR} 18... Be5 19. Na4 Rad8 20. Nc5 Bc7 21. Rxd8 Rxd8 22. Qxf7+ Qxf7 23. Bxf7+ Kxf7 24. Nxa6 Bb6+ 25. Kf1 Rd2 26. Re2 Rd1+ 27. Re1 Rd2 28. Re2 Rd1+ 29. Re1 {½-½ (29) Kovalev,V (2548)-Kuzubov,Y (2642) Yerevan 2014}) 19. Rxd8 Rxd8 20. e5 Bc8 21. h3 Bf5 22. Ne2 Qxe5 23. Ng3 Qxb2 24. Nxf5 gxf5 25. Qxf5 Qf6 26. Qa5 Rd7 27. Qa6 Qd6 28. Qc8+ Bf8 29. Rf1 Qc7 30. Qxc7 Rxc7 31. Rf5 Kg7 32. Kf2 Bd6 33. Kf3 f6 34. Ra5 Be5 35. Ra6 Kg6 36. Ke4 Kg5 37. Kf3 c5 38. Bc4 Rd7 39. g3 h5 40. Rc6 Rc7 41. h4+ Kh6 42. Rxc7 Bxc7 43. Bd3 f5 44. Bxf5 c4 45. Be6 c3 46. Bf7 Be5 47. a4 Bc7 48. Be8 Be5 49. g4 1/2-1/2

[Event "Sarajevo Bosnia-A 36th"]
[Site "Sarajevo"]
[Date "2006.05.08"]
[Round "2"]
[White "Nisipeanu, Liviu Dieter"]
[Black "Carlsen, Magnus"]
[Result "1/2-1/2"]
[WhiteElo "2695"]
[BlackElo "2646"]
[PlyCount "39"]
[EventDate "2006.05.07"]
[EventType "tourn"]
[EventRounds "10"]
[EventCountry "BIH"]
[EventCategory "17"]
[SourceTitle "CBM 113"]
[Source "ChessBase"]
[SourceDate "2006.07.31"]
[SourceVersion "1"]
[SourceVersionDate "2006.07.31"]
[SourceQuality "1"]

1. e4 c5 2. Nf3 Nc6 3. Nc3 g6 4. d4 cxd4 5. Nxd4 Bg7 6. Be3 Nf6 7. Bc4 O-O 8. Bb3 Qa5 9. O-O d6 10. h3 Bd7 11. Qe1 Rfe8 12. Rd1 Nxd4 13. Bxd4 Bc6 14. f4 Nd7 15. Bxg7 Kxg7 16. Kh2 $146 ({RR} 16. e5 dxe5 17. fxe5 f6 18. exf6+ exf6 19. Qh4 Qe5 20. Nd5 Rad8 21. Rfe1 Qd6 22. Nf4 Rxe1+ 23. Rxe1 Nc5 24. Re6 Qf8 25. Qg3 Kh8 26. Qh4 Kg7 27. Qf2 Re8 28. Rxe8 Bxe8 29. Kh1 Bd7 30. Bd5 Qd6 {Leon Hoyos,M (2454)-Gonzalez Acosta,B (2434) Santo Domingo 2007 1-0 (51)}) 16... Rac8 17. Qh4 h6 18. Nd5 e6 19. Nc3 Nf6 20. Qe1 1/2-1/2

[Event "Sarajevo Bosnia-A 36th"]
[Site "Sarajevo"]
[Date "2006.05.11"]
[Round "5"]
[White "Predojevic, Borki"]
[Black "Carlsen, Magnus"]
[Result "0-1"]
[WhiteElo "2566"]
[BlackElo "2646"]
[PlyCount "80"]
[EventDate "2006.05.07"]
[EventType "tourn"]
[EventRounds "10"]
[EventCountry "BIH"]
[EventCategory "17"]
[SourceTitle "CBM 113"]
[Source "ChessBase"]
[SourceDate "2006.07.31"]
[SourceVersion "1"]
[SourceVersionDate "2006.07.31"]
[SourceQuality "1"]

1. e4 c5 2. Nf3 d6 3. d4 cxd4 4. Nxd4 Nf6 5. Nc3 a6 6. Bg5 e6 7. f4 Qc7 8. Bxf6 gxf6 9. Qd2 Nc6 10. O-O-O Bd7 11. Kb1 Nxd4 12. Qxd4 Be7 13. Be2 h5 14. Rhf1 Qc5 15. Qd2 b5 16. Bf3 Rc8 ({RR} 16... b4 17. Ne2 Rc8 18. Nc1 a5 19. Nd3 Qd4 20. Qe2 Bb5 21. Bxh5 a4 22. Bf3 Rxh2 23. Qf2 Qc4 24. b3 Qc3 25. Qd2 axb3 26. cxb3 Qd4 27. Rfe1 Rc3 28. Nf2 Qxd2 29. Rxd2 Bd8 30. Ng4 Rh8 31. Rxd6 {Kosteniuk,A (2517)-Carlsen,M (2801) Moscow 2009 0-1 (37)}) 17. Ne2 $146 ({RR} 17. Rfe1 b4 18. Ne2 a5 19. f5 e5 20. c3 h4 21. cxb4 axb4 22. Rc1 Qb6 23. Rxc8+ Bxc8 24. Nc1 d5 25. Qxd5 Bb7 26. Qd2 Bc5 27. Bd1 Ke7 28. Bb3 Rd8 29. Qc2 Bf2 30. Re2 Rc8 31. Qd2 Bg1 {Vocaturo,D (2412)-Curto,N (2126) Rhone 2008 1-0 (43)}) 17... h4 18. Nd4 b4 19. Rfe1 a5 20. e5 fxe5 21. fxe5 dxe5 22. Nb3 Qc7 23. Nxa5 Ba4 24. Nb3 f5 25. Qe2 Kf7 26. Bh5+ Kg7 27. g4 hxg3 28. Rg1 Kf8 29. hxg3 Bf6 30. g4 e4 31. Qd2 Qb6 32. Qg2 Qb8 33. gxf5 Qe5 34. Rd4 Bxb3 35. Qg6 Rxh5 36. axb3 Ke7 37. c3 bxc3 38. Qxh5 c2+ 39. Kc1 Qf4+ 40. Rd2 Bxb2+ 0-1

[Event "Sarajevo Bosnia-A 36th"]
[Site "Sarajevo"]
[Date "2006.05.12"]
[Round "6"]
[White "Malakhov, Vladimir"]
[Black "Carlsen, Magnus"]
[Result "1/2-1/2"]
[WhiteElo "2691"]
[BlackElo "2646"]
[PlyCount "79"]
[EventDate "2006.05.07"]
[EventType "tourn"]
[EventRounds "10"]
[EventCountry "BIH"]
[EventCategory "17"]
[SourceTitle "CBM 113"]
[Source "ChessBase"]
[SourceDate "2006.07.31"]
[SourceVersion "1"]
[SourceVersionDate "2006.07.31"]
[SourceQuality "1"]

1. e4 c5 2. Nf3 e6 3. d4 cxd4 4. Nxd4 Nf6 5. Nc3 Nc6 6. Ndb5 d6 7. Bf4 e5 8. Bg5 a6 9. Na3 b5 10. Nd5 Be7 11. Bxf6 Bxf6 12. c4 b4 13. Nc2 a5 14. Be2 O-O 15. O-O Bg5 16. Qd3 Bb7 17. Rad1 Nb8 18. a3 bxa3 19. Nxa3 Na6 20. Nb5 Nc5 21. Qc2 a4 22. Bf3 $146 ({RR} 22. g3 Bh6 23. Bf3 Ra6 24. Bg2 Kh8 25. Qc3 Qb8 26. Rfe1 Bg5 27. Rf1 Bh6 28. Qc2 Bc6 29. Ndc3 Bxb5 30. cxb5 Rb6 31. Rd5 Rc8 32. Rfd1 Nb3 33. Bf1 Bg5 34. Qd3 Nc5 35. Qf3 Kg8 36. Bh3 Rd8 {Hedman,E (2372)-Andersson,F (2306) Vasteras 2011 ½-½ (57)}) 22... Ra6 23. Rfe1 Qa5 24. Ndc3 Rd8 25. Be2 Qb4 26. Bf1 g6 27. Qe2 Kg7 28. Qg4 Ne6 29. Nd5 Qc5 30. Qg3 Rc8 31. Ra1 Bd8 32. Red1 Nd4 33. Nbc3 Rca8 34. Qd3 Bc6 35. Ra3 Ra5 36. Ne2 Bxd5 37. Nxd4 Qxd4 38. Qxd4 exd4 39. cxd5 Rb8 40. Ra2 1/2-1/2

[Event "Sarajevo Bosnia-A 36th"]
[Site "Sarajevo"]
[Date "2006.05.13"]
[Round "7"]
[White "Carlsen, Magnus"]
[Black "Nisipeanu, Liviu Dieter"]
[Result "1/2-1/2"]
[WhiteElo "2646"]
[BlackElo "2695"]
[PlyCount "52"]
[EventDate "2006.05.07"]
[EventType "tourn"]
[EventRounds "10"]
[EventCountry "BIH"]
[EventCategory "17"]
[SourceTitle "CBM 113"]
[Source "ChessBase"]
[SourceDate "2006.07.31"]
[SourceVersion "1"]
[SourceVersionDate "2006.07.31"]
[SourceQuality "1"]

1. e4 {Gofshtein,Leonid D Gofshtein,Leonid D} c5 2. Nf3 d6 3. d4 cxd4 4. Nxd4 Nf6 5. Nc3 Nc6 6. Bg5 e6 7. Qd2 Be7 8. O-O-O O-O 9. f4 Nxd4 10. Qxd4 Qa5 11. Bc4 Bd7 12. Kb1 ({RR} 12. e5 dxe5 13. fxe5 Bc6) ({RR} 12. Bxf6 Bxf6 13. e5 Be7 14. exd6 Bf6 15. Qe3 Bxc3 16. Qxc3 Qxc3 17. bxc3 Rac8 18. Bb3 Rxc3 19. f5 Re3 20. Rhe1 Rxe1 21. Rxe1 Re8 22. fxe6 fxe6 23. Kd2 g6 24. c4 b6 25. c5 Kg7 26. Rc1 bxc5 {Beliavsky,A (2635)-Kotronias,V (2590) Belgrade 1993 1-0 (51)}) ({RR} 12. e5 dxe5 13. fxe5 Bc6) 12... Rfd8 ({RR} 12... Bc6 13. Rhe1 ({RR} 13. Rhf1 h6 14. Bh4 Qh5 15. g3 g5 16. fxg5 hxg5 17. Rxf6 Bxf6 18. Qxf6 gxh4 19. gxh4 Kh7) 13... h6 14. Bh4 Rfd8 15. Bb3 Qh5 16. Bg3 d5 {RR} 17. e5 Ne4) ({RR} 12... b5 13. Bb3 b4 14. e5 dxe5 15. fxe5 Bc5 16. Qh4 Nd5 17. Nxd5 exd5 18. Bf6 gxf6 19. exf6 Kh8 20. Rxd5 Bb6 21. Rxa5 Bxa5 22. Qg5 Rg8 23. Qxa5 {1-0 (23) Amirkul,A (1934)-Kuandykuly,D (1800) Almaty KAZ 2023}) ({RR} 12... Bc6 13. Bb3 Rfd8 ({RR} 13... Rad8 14. Rhf1 h6 15. Bh4 Qh5 ({RR} 15... Rd7 16. f5 e5 17. Qf2 Rc8 18. Bxf6) 16. Bg3 d5 17. e5 Ne4) ({RR} 13... Rfe8 14. Rhf1 h6 15. Bh4 Nxe4 16. Nxe4 Bxh4 17. f5 d5 18. Nd6 Bf6 19. Qg4) 14. Rhe1 h6 15. Bh4 Qh5 16. Bg3 d5 17. exd5 Nxd5 18. Bxd5 ({RR} 18. Nxd5 Bxd5 19. Re5 Bf3 20. Rxh5 Bxh5 21. Qxd8+ Rxd8 22. Rxd8+ Bxd8) 18... Bf6 ({RR} 18... Bxd5 19. Re5 Qg4 20. Nxd5 Rxd5 21. Rxd5 exd5 22. Rd3) 19. Qc5 Bxc3 20. Qxc3 Bxd5 21. Rc1 ({RR} 21. Qe5 Qg4 22. Rd4 Bxg2) 21... Rac8 22. Qe3 Bxg2 23. Rg1 ({RR} 23. Qxa7 Rd2 24. Qe3 Rcd8) 23... Bd5 24. f5 Qxf5 25. Bh4 Re8 26. Qxh6 Qh7 27. Qxh7+ {Carlsen,M (2567)-Lugovoi,A (2540) Gausdal 2004 CBM 104 [Gofshtein,Leonid D] 0-1 (43)} ({RR} 27. Qf6 Be4 28. Ka1 Bxc2)) 13. Bb3 Rac8 $146 ({RR} 13... b5 14. e5 dxe5 15. fxe5 b4 ({RR} 15... Bc6 16. Qh4) ({RR} 15... Nd5 16. Bxd5) 16. exf6 gxf6 ({RR} 16... Qxg5 17. fxe7) 17. Bxf6 ({RR} 17. Bh6 Qh5 18. Qe4 Be8 ({RR} 18... f5 19. Qb7) 19. Qb7 Bc5 20. Rxd8 Rxd8 21. Ne4 Rd1+ 22. Bc1 ({RR} 22. Rxd1 Qxd1+ 23. Bc1 Be3)) 17... Bxf6 18. Qxf6 bxc3 19. Rd3 Be8 20. Rg3+ Kf8 21. Bxe6 Rd6 22. Qg7+ Ke7 23. Bxf7 {1-0 (23) Nguyen,A (2535)-Aung,T (2466) Bangkok 2004 CBM 102 [Gofshtein,Leonid D]}) ({RR} 13... Bc6) ({RR} 13... b5 14. e5) 14. g4 Qc5 15. Qd3 Bc6 16. f5 d5 17. Be3 Qa5 18. fxe6 fxe6 19. Bd4 Nxe4 20. Nxe4 dxe4 21. Bxe6+ Kh8 22. Qh3 Bd5 23. Bxd5 Rxd5 24. g5 Qc7 25. Bc3 Rxd1+ 26. Rxd1 Rd8 1/2-1/2

[Event "Sarajevo Bosnia-A 36th"]
[Site "Sarajevo"]
[Date "2006.05.15"]
[Round "9"]
[White "Naiditsch, Arkadij"]
[Black "Carlsen, Magnus"]
[Result "1/2-1/2"]
[WhiteElo "2664"]
[BlackElo "2646"]
[PlyCount "115"]
[EventDate "2006.05.07"]
[EventType "tourn"]
[EventRounds "10"]
[EventCountry "BIH"]
[EventCategory "17"]
[SourceTitle "CBM 113"]
[Source "ChessBase"]
[SourceDate "2006.07.31"]
[SourceVersion "1"]
[SourceVersionDate "2006.07.31"]
[SourceQuality "1"]

1. e4 e5 2. Nf3 Nc6 3. Bb5 a6 4. Bxc6 dxc6 5. O-O Be6 6. Nxe5 Qd4 7. Nf3 Qxe4 8. Ng5 Qg6 9. Nxe6 fxe6 10. d3 O-O-O 11. Qe2 Bd6 12. Nd2 Nf6 13. Ne4 Nxe4 14. Qxe4 Qxe4 15. dxe4 Bc5 $146 ({RR} 15... Be5 16. c3 Rd3 17. Be3 Rhd8 18. Rfe1 a5 19. a4 b6 20. Kf1 c5 21. f4 Bf6 22. e5 Bh4 23. g3 Be7 24. Ke2 c4 25. Red1 Rxd1 26. Rxd1 Rxd1 27. Kxd1 Kb7 28. Ke2 Kc6 29. Kf3 Kd5 30. g4 {Battey,A (2336)-Borosova,Z (2284) Kecskemet 2011 0-1 (45)}) 16. Bg5 Rd7 17. Rad1 Rxd1 18. Rxd1 Rf8 19. Bh4 b5 20. Bg3 h5 21. h4 Rd8 22. Rxd8+ Kxd8 23. Be5 g6 24. b3 Be7 25. g3 c5 26. c4 c6 27. Kg2 Ke8 28. Kf3 Bf8 29. a4 Ke7 30. Bb8 Kf6 31. Bc7 e5 32. Bd8+ Ke6 33. Bg5 Bd6 34. Ke3 Bf8 35. Kd3 Bd6 36. Bh6 Be7 37. Ke2 Bd6 38. Ke3 Be7 39. Bg5 Bd6 40. f4 Bc7 41. Kf3 Bd6 42. Bh6 Be7 43. Bg7 exf4 44. Kxf4 Kf7 45. Be5 Ke6 46. Bc7 Kd7 47. Bb8 Ke6 48. e5 Bd8 49. Bd6 Ba5 50. Kg5 Kf7 51. Kh6 Bd2+ 52. Kh7 g5 53. Bxc5 gxh4 54. gxh4 Be1 55. Kh6 Bxh4 56. Kxh5 Bg3 57. Kg4 Bxe5 58. Kf5 1/2-1/2

[Event "Sarajevo Bosnia-A 36th"]
[Site "Sarajevo"]
[Date "2006.05.16"]
[Round "10"]
[White "Carlsen, Magnus"]
[Black "Predojevic, Borki"]
[Result "1/2-1/2"]
[WhiteElo "2646"]
[BlackElo "2566"]
[PlyCount "175"]
[EventDate "2006.05.07"]
[EventType "tourn"]
[EventRounds "10"]
[EventCountry "BIH"]
[EventCategory "17"]
[SourceTitle "CBM 113"]
[Source "ChessBase"]
[SourceDate "2006.07.31"]
[SourceVersion "1"]
[SourceVersionDate "2006.07.31"]
[SourceQuality "1"]

1. e4 {Marin,Mihail ChessBase} e5 2. Nf3 Nc6 3. Bb5 a6 4. Ba4 Nf6 5. O-O Nxe4 6. d4 b5 7. Bb3 d5 8. dxe5 ({RR} 8. Nxe5) 8... Be6 9. Nbd2 ({RR} 9. Qe2) 9... Be7 10. c3 O-O 11. Qe2 ({RR} 11. Bc2 f5 12. Nb3 Qd7 13. Nfd4 Nxd4 14. Nxd4 c5 15. Nxe6 Qxe6 16. f3 Ng5 17. a4 Rad8 18. axb5 axb5 19. Ra7 Rd7 20. Rxd7 Qxd7 21. Be3 ({RR} 21. Kh1) 21... f4 22. Bf2 g6 23. Qd2 Ne6 24. Rd1 Rd8 25. Be4 Qc7) 11... Nxd2 ({RR} 11... Nc5 12. Nd4 Nxb3 13. N2xb3 Qd7 14. Nxc6 Qxc6 15. Be3 Bf5 16. Rfd1 Qg6 17. Nd4 Bd7 18. b4 Qe4) 12. Bxd2 Na5 13. Bc2 c5 ({RR} 13... Nc4 14. Nd4 ({RR} 14. b3 Nxd2 15. Qxd2 Rc8 ({RR} 15... c5) 16. a4 Qd7 17. axb5 axb5 18. Ra5 g6 19. Bd3 c6 20. Rfa1 Rc7 21. Nd4 f6) ({RR} 14. Bc1 Qd7 ({RR} 14... Bg4) 15. b3 Nb6 16. Qd3) 14... Nxd2 ({RR} 14... Qd7 15. f4 c5 16. Nxe6 Qxe6 17. Rae1 f5 18. Bc1 Qg6 19. b3 Nb6 20. Be3 Rad8 21. Qf2 Qc6 22. Rd1 ({RR} 22. Qf3 Na8) 22... d4 23. cxd4 Nd5 24. Kh1 ({RR} 24. dxc5 Nxe3 25. Qxe3 Bxc5) ({RR} 24. b4 c4 25. a3 a5) 24... cxd4 25. Bxd4 Nxf4 26. Qxf4 ({RR} 26. Bb1 Ne6 27. Bxf5 Nxd4 28. Rxd4 Rxd4 29. Qxd4 g6 30. Bd3 Rxf1+ 31. Bxf1 Qc1 32. Qd3 Qf4 33. e6 Bc5 34. Be2 Qe3) 26... Qxc2 27. Rd2 Qe4) ({RR} 14... Bg4 15. Qxg4 ({RR} 15. Qe1 f6) 15... Nxd2 16. Rfd1 Nc4 17. Nf5 g6 18. Rxd5) 15. Qxd2 Qd7 16. f4 c5 17. Nxe6 fxe6 ({RR} 17... Qxe6 18. Rae1) 18. Rad1 ({RR} 18. f5 Rad8 ({RR} 18... exf5 19. Bxf5 Rxf5 20. Rxf5 Qxf5 21. Qxd5+)) 18... Rad8 19. Qd3 g6 20. Qg3 Rf7 21. h4 Rg7 22. Qh3 c4 23. Kh1 a5 24. h5 Bc5 25. Rf3 Qe8 26. Rg3 gxh5 27. f5 Rxg3 28. Qxg3+ {Polgar,J (2708)-Karpov,A (2670) Vitoria Gasteiz 2007 CBM 121 [Marin,Mihail] ½-½ (48)}) ({RR} 13... Nc4 14. Bc1 g6 15. Nd4 Qd7 16. Bh6 Rfe8 17. f4 c5 18. f5 cxd4 19. fxe6 Qxe6 20. cxd4 Nxb2 21. Rab1 Nc4 22. Rb3 Bf8 23. Bxf8 Rxf8 24. Rf6 Qd7 25. Rh3 Ra7 26. Qf3 Nd2 27. Qf4 Ne4 28. Qh6 {Koffeman,T (2119)-De Zwart,J (1970) Vlissingen 2022 1-0}) 14. b3 $146 ({RR} 14. Rad1 Nc6 15. Bc1 g6 16. Bh6 Re8 17. Rd2 Qc7 18. Rfd1 f6 19. Bf4 fxe5 20. Bxe5 Nxe5 21. Nxe5 Bg5 22. Re1 Bxd2 23. Qxd2 Bf5 24. f4 Bxc2 25. Qxc2 Rad8 26. Rd1 Qd6 27. h4 d4 28. cxd4 cxd4 {Igel,F-Michel,P Vienna 1936 EXT 1999 [ChessBase] 0-1 (75)}) ({RR} 14. Qd3 g6 15. Bh6 Re8 16. Rfe1 ({RR} 16. Qd2 Nc4 17. Qf4 Nxb2 18. Bg5 d4) 16... f6 ({RR} 16... Bf5 17. Qe2 Bxc2 18. Qxc2 f6 19. Rad1) 17. Nh4 f5 ({RR} 17... Bf8 18. Bxf8 Kxf8 19. Nxg6+ hxg6 20. Qxg6) 18. Nf3 Nc6 19. Rad1) ({RR} 14. Rad1 Qd7 15. h3 Nc6 16. Bg5 Rfe8 17. Rfe1 Rad8 18. Qe3 Bxg5 19. Nxg5 Bf5 20. e6 fxe6 21. Bxf5 exf5 22. Qxc5) ({RR} 14. Rad1 Qd7 15. h3 Nc6 16. Bg5 Rfe8 17. Rfe1 Rad8 18. Qe3 Bxg5 19. Nxg5 Bf5 20. e6 fxe6 21. Bxf5 exf5 22. Qxc5 Rxe1+ 23. Rxe1 d4 24. cxd4 Nxd4 25. Re7 Qc6 26. Qxc6 Nxc6 27. Re6 h6 {½-½ (27) Sokolov,A (2628)-Predojevic,B (2566) Turin 2006}) 14... Nc6 15. Qd3 g6 16. Bh6 Re8 17. Qd2 b4 18. cxb4 Nxb4 19. Bd1 Nc6 20. Qf4 Rb8 21. a3 Qd7 22. Rc1 Na5 23. Nd2 Rec8 24. h4 Nc6 25. Nf3 Na5 26. Nd2 Nc6 27. Nf3 Na5 28. Rb1 c4 29. b4 c3 30. Be2 Nc4 31. Ra1 a5 32. Rfc1 Nxa3 33. Rxa3 Rxb4 34. Qe3 d4 35. Qd3 Bf5 36. Qa6 d3 37. Raxc3 Rxc3 38. Rxc3 dxe2 39. Qxe2 Rb8 40. Ng5 Qd4 41. Rc4 Qd5 42. Rc7 Bd8 43. Rc1 a4 44. Rd1 Qxd1+ 45. Qxd1 Rb1 46. Qxb1 Bxb1 47. Nf3 Be4 48. Nd4 a3 49. Bc1 a2 50. Bb2 Bxh4 51. g3 Be7 52. f4 h5 53. Kf2 Bd5 54. Ke3 h4 55. gxh4 Ba3 56. Ba1 Bc1+ 57. Kf2 Bxf4 58. Ne2 Bd2 59. Nc3 Be6 60. Ne4 Bc1 61. Nf6+ Kg7 62. Ne4 Kh6 63. Nf6 Ba3 64. Kg3 Bb4 65. Kf2 Ba5 66. Bb2 g5 67. hxg5+ Kxg5 68. Ke3 Kf5 69. Ne8 Bb6+ 70. Kd2 Ke4 71. Nd6+ Kd5 72. Kc2 Bc5 73. Bc3 Bb4 74. Ba1 f5 75. Nxf5 Bxf5+ 76. Kb3 Bc5 77. Kxa2 Be6 78. Kb3 Ke4+ 79. Kc2 Ke3 80. Bc3 Bf5+ 81. Kb2 Be6 82. Kc2 Bb6 83. Bd2+ Ke2 84. Bc3 Bf5+ 85. Kb2 Kd3 86. e6 Bxe6 87. Bh8 Bd4+ 88. Bxd4 1/2-1/2

[Event "Olympiad-37"]
[Site "Turin"]
[Date "2006.05.27"]
[Round "6"]
[White "Carlsen, Magnus"]
[Black "Prasca Sosa, Rafael Felipe"]
[Result "1-0"]
[WhiteElo "2646"]
[BlackElo "2448"]
[PlyCount "65"]
[EventDate "2006.05.21"]
[EventType "team-swiss"]
[EventRounds "13"]
[EventCountry "ITA"]
[SourceTitle "CBM 113"]
[Source "ChessBase"]
[SourceDate "2006.07.31"]
[SourceVersion "1"]
[SourceVersionDate "2006.07.31"]
[SourceQuality "1"]
[WhiteTeam "Norway"]
[BlackTeam "Venezuela"]
[WhiteTeamCountry "NOR"]
[BlackTeamCountry "VEN"]

1. e4 e6 2. d4 d5 3. Nc3 Nf6 4. e5 Nfd7 5. f4 c5 6. Nf3 Nc6 7. Be3 cxd4 8. Nxd4 Bc5 9. Qd2 Nxd4 10. Bxd4 Bxd4 11. Qxd4 Qb6 12. Qd2 Qxb2 13. Rb1 Qa3 14. Nb5 Qxa2 15. Nd6+ Ke7 16. Rc1 ({RR} 16. Qb4 a5 17. Nxc8+ Kd8 18. Qe7+ Kxc8 19. Rxb7 Kxb7 20. Qxd7+ Kb8 {½-½ (20) Shirov,A (2723)-Bareev,E (2729) Monte Carlo 2003}) 16... b6 17. Be2 Qa5 18. c3 f5 $146 ({RR} 18... Ba6 19. O-O Bxe2 20. Qxe2 Qc5+ 21. Kh1 h5 22. c4 d4 23. Qf2 h4 24. f5 Nxe5 25. Ne4 Qc7 26. f6+ gxf6 27. Qxf6+ Kd7 28. c5 Rh5 29. cxb6 Qxb6 30. Rc5 Qb8 31. Rxe5 Rxe5 32. Qxf7+ Kc6 33. Rc1+ {Bae,T (2420)-Murillo Tsijli,A (2278) Istanbul 2012 1-0 (38)}) 19. O-O Qc5+ 20. Kh1 Nf8 21. g4 Bd7 22. gxf5 exf5 23. Bf3 Ng6 24. c4 d4 25. Nb7 Qa3 26. Qxd4 Be6 27. Ra1 Qb3 28. Qd6+ Kf7 29. Bd5 Bxd5+ 30. Qxd5+ Ke7 31. Qd6+ Ke8 32. Qe6+ Ne7 33. Nd6+ 1-0

[Event "Olympiad-37"]
[Site "Turin"]
[Date "2006.05.31"]
[Round "10"]
[White "Carlsen, Magnus"]
[Black "Radjabov, Teimour"]
[Result "1/2-1/2"]
[WhiteElo "2646"]
[BlackElo "2717"]
[PlyCount "65"]
[EventDate "2006.05.21"]
[EventType "team-swiss"]
[EventRounds "13"]
[EventCountry "ITA"]
[SourceTitle "CBM 113"]
[Source "ChessBase"]
[SourceDate "2006.07.31"]
[SourceVersion "1"]
[SourceVersionDate "2006.07.31"]
[SourceQuality "1"]
[WhiteTeam "Norway"]
[BlackTeam "Azerbaijan"]
[WhiteTeamCountry "NOR"]
[BlackTeamCountry "AZE"]

1. e4 c5 2. Nf3 Nc6 3. Nc3 d6 4. d4 cxd4 5. Nxd4 e5 6. Nf3 Be6 7. Nd5 ({RR} 7. Ng5 Nf6 8. Nxe6 fxe6 9. Bc4 Qd7 10. Be3 Rc8 11. Bb3 Be7 12. Qf3 Na5 13. Ba4 Nc6 14. O-O-O O-O 15. Qh3 Kh8 16. Rhf1 a6 17. f4 exf4 18. Rxf4 Qc7 19. Qxe6 b5 20. Bb3 Na5 21. Kb1 Rfe8 {Kramnik,V (2759)-Radjabov,T (2761) Nice 2009 1-0}) ({RR} 7. Bb5 a6 8. Ba4 b5 9. Bb3 Bxb3 10. axb3 h6 11. Qd5 Nge7 12. Qd3 Ng6 13. Be3 Be7 14. O-O Bg5 15. Rfd1 Bxe3 16. fxe3 O-O 17. Qxd6 Qb6 18. Nd5 Qb7 19. h4 Rfd8 20. Qa3 Qa7 21. h5 Nf4 {Khazhatuly,A (2143)-Pavlidou,E (2217) chess.com INT 2025 1-0 (53)}) 7... Nf6 $146 ({RR} 7... Be7 8. c4 Nf6 9. Bd3 Bg4 10. O-O Nd4 11. Kh1 Nxf3 12. gxf3 Bh5 13. Rg1 Nxd5 14. cxd5 Bf6 15. Bb5+ Kf8 16. Be3 a6 17. Be2 Bg6 18. Rc1 Rc8 19. Qb3 Rxc1 20. Rxc1 Qd7 21. Qb6 Bd8 22. Qb3 {Valcarenghi,C (1915)-Wiltner,C (1471) Piratuba 2018 1-0 (74)}) ({RR} 7... Be7 8. Bc4 Nf6 9. Nxf6+ Bxf6 10. Bxe6 fxe6 11. O-O O-O 12. c3 d5 13. Qe2 Qc7 14. Rd1 Rad8 15. Bg5 h6 16. Bxf6 Rxf6 17. Rd3 Rf7 18. Re1 d4 19. cxd4 exd4 20. e5 Rfd7 21. a3 Rd5 22. h4 {Vega Gutierrez,S (2377)-Martins,B (2338) chess.com INT 2023 0-1 (53)}) 8. Nxf6+ Qxf6 9. Ng5 Bd7 10. Bc4 h6 11. Qh5 Nd4 12. O-O g6 13. Bxf7+ Ke7 14. Bxg6 Rg8 15. Bh7 Rxg5 16. Bxg5 Qxg5 17. Qxg5+ hxg5 18. c3 Ne2+ 19. Kh1 Nf4 20. Rad1 Bh6 21. g3 Nh5 22. Bf5 Bxf5 23. exf5 Rc8 24. Kg2 Nf6 25. Rfe1 Rc5 26. h3 Bf8 27. Re3 Kf7 28. a4 Be7 29. Kf1 Bf8 30. Ke2 Be7 31. Kf1 Bf8 32. Kg2 Be7 33. Kf1 1/2-1/2

[Event "Olympiad-37"]
[Site "Turin"]
[Date "2006.06.02"]
[Round "11"]
[White "Carlsen, Magnus"]
[Black "Granda Zuniga, Julio E"]
[Result "1-0"]
[WhiteElo "2646"]
[BlackElo "2631"]
[PlyCount "43"]
[EventDate "2006.05.21"]
[EventType "team-swiss"]
[EventRounds "13"]
[EventCountry "ITA"]
[SourceTitle "CBM 113"]
[Source "ChessBase"]
[SourceDate "2006.07.31"]
[SourceVersion "1"]
[SourceVersionDate "2006.07.31"]
[SourceQuality "1"]
[WhiteTeam "Norway"]
[BlackTeam "Peru"]
[WhiteTeamCountry "NOR"]
[BlackTeamCountry "PER"]

1. e4 c5 2. Nf3 d6 3. d4 cxd4 4. Nxd4 Nf6 5. Nc3 a6 6. Be3 e5 7. Nb3 Be7 8. Be2 O-O 9. O-O Nbd7 10. a4 b6 11. f3 Bb7 12. Rf2 ({RR} 12. Nd5 Nxd5 13. exd5 Bg5 14. Bf2 f5 15. c4 a5 16. Bd3 Nc5 17. Bc2 Nxb3 18. Bxb3 Ba6 19. Qd3 Rc8 20. Ba2 Qc7 21. b3 Rce8 22. Rae1 Bc8 23. Bb1 g6 24. Be3 Bxe3+ 25. Qxe3 Qc5 26. Kh1 Kg7 {Hejazipour,M (2329)-Saydaliev,S (2455) chess.com INT 2025 0-1 (43)}) 12... Qc7 13. Bf1 Rfb8 $146 ({RR} 13... h6 14. Nc1 Rfd8 15. N1a2 d5 16. Nxd5 Bxd5 17. exd5 Bc5 18. Bxc5 Nxc5 19. Rd2 Nxa4 20. c4 b5 21. Kh1 Nb6 22. b3 bxc4 23. bxc4 e4 24. Nb4 exf3 25. gxf3 {½-½ (25) Atabayev,M (2452)-Atabayev,Y (2407) Budapest 2013}) ({RR} 13... Rfd8 14. Rd2 Rac8 15. Kh1 h6 16. Nc1 Nc5 17. N1a2 Qb8 18. Nb4 a5 19. Nbd5 Nxd5 20. Nxd5 Bxd5 21. Rxd5 Bg5 22. Bf2 Qc7 23. c3 Ne6 24. Qb3 Rb8 25. Rb5 Nc5 26. Qc4 Qe7 27. Qa2 Rdc8 28. Bc4 {Friedel,J (2531)-Kempinski,R (2600) Dresden 2011 ½-½ (40)}) 14. Nc1 Nc5 15. Rd2 Ne6 16. N1a2 Nd4 17. Nb4 Rd8 18. Kh1 a5 19. Nd3 Ne6 20. Nf2 Nd7 21. Nb5 Qb8 22. Nxd6 1-0